000 00503nam a22001697a 4500
999 _c257944
_d257943
003 OSt
005 20191107114206.0
008 191107b xxu||||| |||| 00| 0 eng d
016 _2http://192.168.16.225:8080/cgi-bin/koha/cataloguing/addbiblio.pl?frameworkcode=#
020 _a9780618794249
040 _cN/A
100 _aThomas F.X. Noble et al
245 _aWestern Civilization:
_bBeyond Boundaries
250 _a5th ed
260 _aNew York
_bHoughton Mifflin Company
_c2008
942 _2lcc
_cBK